[Event "Bundesliga 2324"]
[Site "Germany"]
[Date "2024.04.27"]
[Round "14.2"]
[White "Swinkels, Robin"]
[Black "Gajewski, Grzegorz"]
[Result "1/2-1/2"]
[WhiteElo "2515"]
[BlackElo "2561"]
[PlyCount "98"]
[EventDate "2023.10.21"]
[EventType "team-tourn"]
[EventRounds "15"]
[EventCountry "GER"]
[SourceTitle "CB18_2024"]
[SourceDate "2024.05.01"]
[SourceVersion "1"]
[SourceVersionDate "2024.05.01"]
[SourceQuality "2"]
[WhiteTeam "Remagen Sinzig"]
[BlackTeam "Dresden TU"]
[WhiteTeamCountry "GER"]
[BlackTeamCountry "GER"]

1. d4 Nf6 2. c4 e6 3. g3 Bb4+ 4. Nd2 0-0 5. Bg2 d6 6. Ngf3 e5 7. 0-0 Bxd2 8. Qxd2 e4 9. Ne1 d5 10. b3 Re8 11. Nc2 c6 12. Ne3 Na6 13. Ba3 Nc7 14. Rfd1 Ng4 15. Rac1 Nxe3 16. Qxe3 Bg4 17. Rd2 Qd7 18. Qf4 Rad8 19. Bd6 Qxd6 20. Qxg4 Ne6 21. e3 g6 22. cxd5 cxd5 23. Rdc2 f5 24. Qe2 Kh8 25. Qb5 Qe7 26. Qa5 a6 27. b4 g5 28. b5 axb5 29. Qxb5 Rf8 30. Bh3 h5 31. Qb6 h4 32. a4 Rde8 33. a5 Qh7 34. Bg2 f4 35. Qd6 fxe3 36. fxe3 h3 37. Bf1 Qf5 38. Bb5 Qf3 39. Re1 Rc8 40. Qe5+ Ng7 41. Rce2 Rf5 42. Qd6 g4 43. a6 bxa6 44. Qxa6 Rcf8 45. Qh6+ Kg8 46. Ra2 R5f6 47. Qg5 Rf5 48. Qg6 R5f6 49. Qg5 Rf5 1/2-1/2

[Event "Bundesliga 2324"]
[Site "Germany"]
[Date "2024.03.16"]
[Round "12.4"]
[White "Papp, Gabor"]
[Black "Swinkels, Robin"]
[Result "1/2-1/2"]
[WhiteElo "2530"]
[BlackElo "2515"]
[PlyCount "111"]
[EventDate "2023.10.21"]
[EventType "team-tourn"]
[EventRounds "15"]
[EventCountry "GER"]
[SourceTitle "CB13_2024"]
[SourceDate "2024.03.27"]
[SourceVersion "1"]
[SourceVersionDate "2024.03.27"]
[SourceQuality "1"]
[WhiteTeam "Hamburger SK"]
[BlackTeam "Remagen Sinzig"]
[WhiteTeamCountry "GER"]
[BlackTeamCountry "GER"]

1. e4 e5 2. Nf3 Nc6 3. Bc4 Bc5 4. d3 Nf6 5. Bg5 h6 6. Bh4 d6 7. c3 a6 8. a4 Ba7 9. Nbd2 Qe7 10. 0-0 g5 11. Bg3 Bg4 12. h3 Bd7 13. b4 Nh5 14. Kh2 Nf4 15. b5 Na5 16. bxa6 bxa6 17. d4 0-0 18. Bxa6 Bxd4 19. cxd4 Rxa6 20. Rc1 c5 21. dxe5 dxe5 22. Qc2 Rc8 23. Qc3 Bxa4 24. Nxe5 Ne2 25. Qd3 Nxg3 26. fxg3 c4 27. Ndxc4 Bb5 28. Nxa5 Rxc1 29. Qxb5 Rxa5 30. Qb8+ Qf8 31. Qxf8+ Kxf8 32. Nd7+ Ke7 33. Rxc1 Kxd7 34. Rb1 Ra6 35. h4 Re6 36. Rb7+ Ke8 37. Rb4 Ke7 38. Kh3 Kf6 39. Kg4 Kg6 40. Kf3 Rf6+ 41. Ke3 Rf1 42. Rb6+ Kg7 43. Ke2 Rh1 44. hxg5 hxg5 45. Kf3 Re1 46. Ra6 f6 47. Ra7+ Kg6 48. Re7 Rf1+ 49. Ke2 Rg1 50. Kf2 Ra1 51. Re6 Ra2+ 52. Kf3 Ra3+ 53. Kg4 Ra4 54. Kf3 Ra3+ 55. Kg4 Ra4 56. Kf3 1/2-1/2

[Event "Bundesliga 2324"]
[Site "Germany"]
[Date "2024.02.24"]
[Round "10.5"]
[White "Van Wely, Loek"]
[Black "Swinkels, Robin"]
[Result "1/2-1/2"]
[WhiteElo "2626"]
[BlackElo "2515"]
[PlyCount "91"]
[EventDate "2023.10.21"]
[EventType "team-tourn"]
[EventRounds "15"]
[EventCountry "GER"]
[SourceTitle "CB09_2024"]
[SourceDate "2024.02.28"]
[SourceVersion "1"]
[SourceVersionDate "2024.02.28"]
[SourceQuality "1"]
[WhiteTeam "Solingen"]
[BlackTeam "Remagen Sinzig"]
[WhiteTeamCountry "GER"]
[BlackTeamCountry "GER"]

1. Nf3 d5 2. c4 e6 3. d4 Nf6 4. Nc3 c5 5. e3 Nc6 6. cxd5 Nxd5 7. Bc4 cxd4 8. exd4 Be7 9. 0-0 0-0 10. Re1 Bf6 11. Ne4 b6 12. Nxf6+ Nxf6 13. Bg5 Bb7 14. a3 Rc8 15. Ba2 h6 16. Bh4 Ne7 17. Bxf6 gxf6 18. Nh4 Bd5 19. Qd2 Kh7 20. Bb1+ f5 21. Re3 Rg8 22. Rh3 Qf8 23. Bd3 Rg4 24. Be2 Rg8 25. Nf3 Qg7 26. Rg3 Qf6 27. Ne5 Nc6 28. Qf4 Rxg3 29. hxg3 Nxe5 30. dxe5 Qg5 31. Qd4 Rc2 32. Bd3 Rd2 33. Qc3 Kg7 34. Re1 h5 35. Bxf5 h4 36. Be4 hxg3 37. fxg3 Bxe4 38. Rxe4 Rd1+ 39. Re1 Rd5 40. Qf3 Rxe5 41. Qc3 f6 42. Rxe5 fxe5 43. Kf2 Qf5+ 44. Ke3 Qg5+ 45. Ke2 Qg4+ 46. Qf3 1/2-1/2

[Event "Bundesliga 2324"]
[Site "Germany"]
[Date "2023.10.21"]
[Round "1.8"]
[White "Bromberger, Stefan"]
[Black "Swinkels, Robin"]
[Result "1/2-1/2"]
[WhiteElo "2476"]
[BlackElo "2515"]
[PlyCount "141"]
[EventDate "2023.10.21"]
[EventType "team-tourn"]
[EventRounds "15"]
[EventCountry "GER"]
[SourceTitle "Mega2024 Update 01"]
[Source "Chessbase"]
[SourceDate "2023.11.12"]
[SourceVersion "1"]
[SourceVersionDate "2023.11.12"]
[SourceQuality "1"]
[WhiteTeam "Muenchen Zugzwang"]
[BlackTeam "Remagen Sinzig"]
[WhiteTeamCountry "GER"]
[BlackTeamCountry "GER"]

1. d4 Nf6 2. c4 e6 3. Nf3 d5 4. g3 dxc4 5. Bg2 c5 6. 0-0 Nc6 7. Qa4 Bd7 8. Qxc4 b5 9. Qd3 c4 10. Qc2 Rc8 11. e4 Be7 12. Nc3 0-0 13. Bg5 b4 14. Ne2 h6 15. Bxf6 Bxf6 16. Rfd1 Qb6 17. e5 Be7 18. Nf4 Rfd8 19. Bh3 Bf8 20. d5 exd5 21. Nxd5 Qb7 22. Bxd7 Rxd7 23. Qxc4 Nxe5 24. Qe4 Nxf3+ 25. Qxf3 Kh8 26. Rd3 Rcd8 27. Rad1 Qc6 28. Kg2 Qa4 29. b3 Qb5 30. h4 a5 31. h5 a4 32. Nf4 axb3 33. Rxd7 Rxd7 34. Rxd7 Qxd7 35. axb3 Kg8 36. Qd5 Qc7 37. Ng6 Qb8 38. Ne5 Qc7 39. g4 Bd6 40. Nc4 Bf8 41. Kf3 Qe7 42. Ne5 Qf6+ 43. Ke3 Bd6 44. Nd3 g6 45. hxg6 Qxg6 46. f3 Qf6 47. Ke4 Kg7 48. Qd4 Qxd4+ 49. Kxd4 f5 50. gxf5 Kf6 51. Kd5 Bf8 52. Ke4 h5 53. Ne5 Bd6 54. f4 Bc7 55. Nc4 Bb8 56. Nb6 Bd6 57. Nd5+ Kf7 58. Kf3 Kg7 59. Kg3 Bc5 60. Kh4 Kh6 61. Nc7 Be7+ 62. Kg3 Kg7 63. Kf3 Kf7 64. Ne6 Kf6 65. Ke4 Bd6 66. Ng5 Bc7 67. Nf3 Bd6 68. Nh4 Bc5 69. Nf3 Bd6 70. Ng1 Bc5 71. Nf3 1/2-1/2

[Event "NED-chT 2324"]
[Site "Netherlands"]
[Date "2023.09.16"]
[Round "1.1"]
[White "Vrolijk, Liam"]
[Black "Swinkels, Robin"]
[Result "1-0"]
[WhiteElo "2558"]
[BlackElo "2520"]
[PlyCount "79"]
[EventDate "2023.09.16"]
[EventType "team-tourn"]
[EventRounds "9"]
[EventCountry "NED"]
[SourceTitle "EXT 2024"]
[Source "ChessBase"]
[SourceDate "2023.10.10"]
[SourceVersion "1"]
[SourceVersionDate "2023.10.10"]
[SourceQuality "1"]
[WhiteTeam "Kennemer Combinatie"]
[BlackTeam "Leiden IntelliMagic"]
[WhiteTeamCountry "NED"]
[BlackTeamCountry "NED"]

1. Nf3 d5 2. g3 Nf6 3. Bg2 c5 4. 0-0 Nc6 5. d4 e6 6. c4 dxc4 7. Qa4 Bd7 8. Qxc4 b5 9. Qd3 c4 10. Qc2 Rc8 11. a4 bxa4 12. Nc3 Na5 13. Rxa4 Be7 14. Ne5 Bxa4 15. Qxa4+ Kf8 16. Rd1 Qb6 17. d5 Rd8 18. Be3 Qb4 19. Ra1 exd5 20. Qxa5 Qxa5 21. Rxa5 d4 22. Bxd4 Rxd4 23. Rxa7 Rd8 24. e3 h5 25. Bf1 Ng4 26. Nc6 Re8 27. h3 Nh6 28. Bxc4 Bf6 29. Nb5 Rc8 30. b3 g6 31. Bd5 Kg7 32. e4 Rhf8 33. Nd6 Ra8 34. Rd7 Ra1+ 35. Kg2 Re1 36. b4 g5 37. b5 g4 38. hxg4 Nxg4 39. Bxf7 Kh8 40. Bxh5 1-0

[Event "Bundesliga 2223"]
[Site "Germany"]
[Date "2023.04.30"]
[Round "15.2"]
[White "Keymer, Vincent"]
[Black "Swinkels, Robin"]
[Result "1-0"]
[WhiteElo "2700"]
[BlackElo "2513"]
[PlyCount "59"]
[EventDate "2022.10.21"]
[EventType "team-tourn"]
[EventRounds "15"]
[EventCountry "GER"]
[SourceTitle "CBM 215 Extra"]
[Source "ChessBase"]
[SourceDate "2023.09.30"]
[SourceVersion "1"]
[SourceVersionDate "2023.09.30"]
[SourceQuality "1"]
[WhiteTeam "Baden-Baden"]
[BlackTeam "Remagen Sinzig"]
[WhiteTeamCountry "GER"]
[BlackTeamCountry "GER"]

1. c4 e6 2. Nc3 d5 3. d4 Nf6 4. cxd5 exd5 5. Bg5 c6 6. e3 h6 7. Bh4 Be7 8. Bd3 0-0 9. Nge2 Ne8 10. Bg3 Nd6 11. 0-0 Bf5 12. f3 Bxd3 13. Qxd3 Nc4 14. b3 Nb6 15. Rad1 a5 16. e4 Na6 17. Bf2 a4 18. Ng3 axb3 19. axb3 Qd7 20. Nf5 Nc7 21. Ne2 Ne6 22. Neg3 Ra3 23. Be3 Bg5 24. e5 Nc4 25. Bxg5 hxg5 26. Qb1 Na5 27. Nh5 Rxb3 28. Qa2 Qc7 29. Nfxg7 Qb6 30. Qc2 1-0

[Event "NED-chT 2223"]
[Site "Netherlands"]
[Date "2023.03.11"]
[Round "7.2"]
[White "Van Kerkhof, David"]
[Black "Swinkels, Robin"]
[Result "1/2-1/2"]
[WhiteElo "2381"]
[BlackElo "2514"]
[PlyCount "52"]
[EventDate "2022.09.17"]
[EventType "team-tourn"]
[EventRounds "9"]
[EventCountry "NED"]
[SourceTitle "CBM 213 Extra"]
[Source "ChessBase"]
[SourceDate "2023.05.31"]
[SourceVersion "1"]
[SourceVersionDate "2023.05.31"]
[SourceQuality "1"]
[WhiteTeam "Paul Keres"]
[BlackTeam "Leiden LSG"]
[WhiteTeamCountry "NED"]
[BlackTeamCountry "NED"]

1. Nf3 d5 2. c4 e6 3. g3 dxc4 4. Qa4+ Nd7 5. Bg2 a6 6. Qxc4 b5 7. Qb3 Bb7 8. 0-0 Ngf6 9. Nc3 Be7 10. d3 0-0 11. a4 b4 12. Nb1 a5 13. Nbd2 Nd5 14. Rd1 c5 15. Qc2 h6 16. h4 Qb6 17. e4 N5f6 18. Nc4 Qa6 19. Bf4 Rac8 20. Qe2 Rfd8 21. Rac1 Nb6 22. Nfe5 Nxc4 23. Nxc4 Nd7 24. Qh5 Nf6 25. Qe2 Nd7 26. Qh5 Nf6 1/2-1/2

[Event "BEL-chT 2223"]
[Site "Belgium"]
[Date "2022.12.04"]
[Round "5.1"]
[White "Vrolijk, Liam"]
[Black "Swinkels, Robin"]
[Result "1/2-1/2"]
[WhiteElo "2479"]
[BlackElo "2509"]
[PlyCount "97"]
[EventDate "2022.09.25"]
[EventType "team-tourn"]
[EventRounds "11"]
[EventCountry "BEL"]
[SourceTitle "CBM 213 Extra"]
[Source "ChessBase"]
[SourceDate "2023.05.31"]
[SourceVersion "1"]
[SourceVersionDate "2023.05.31"]
[SourceQuality "1"]
[WhiteTeam "Liege Crelel"]
[BlackTeam "Wetteren"]
[WhiteTeamCountry "BEL"]
[BlackTeamCountry "BEL"]

1. Nf3 d5 2. e3 Nf6 3. c4 e6 4. Nc3 c5 5. cxd5 Nxd5 6. Bc4 Nc6 7. 0-0 Be7 8. Qe2 0-0 9. Rd1 Nxc3 10. dxc3 Qc7 11. e4 Na5 12. Bd3 c4 13. Bc2 e5 14. Rd5 f6 15. b4 cxb3 16. axb3 Nc6 17. Bd3 Kh8 18. Bc4 Bg4 19. h3 Bh5 20. Rd1 Bc5 21. Be3 Bxe3 22. Qxe3 a6 23. Rd2 Rfd8 24. Rad1 Rxd2 25. Rxd2 Bxf3 26. Qxf3 Rd8 27. Rxd8+ Qxd8 28. Qg4 Ne7 29. Qe6 a5 30. Qf7 b6 31. g3 Nc8 32. Bd5 Nd6 33. Qe6 Nb5 34. Qc6 Nd6 35. c4 g5 36. c5 bxc5 37. Qxc5 Kg7 38. Qa7+ Kg6 39. Kg2 h5 40. Kh2 Kh6 41. g4 hxg4 42. hxg4 Nb5 43. Qf7 Nd6 44. Qe6 Nb5 45. Kg2 Nc3 46. Qf7 Ne2 47. Qh5+ Kg7 48. Qf7+ Kh6 49. Qh5+ 1/2-1/2

[Event "NED-chT 2223"]
[Site "Netherlands"]
[Date "2022.10.08"]
[Round "2.5"]
[White "Swinkels, Robin"]
[Black "Kollars, Dmitrij"]
[Result "1/2-1/2"]
[WhiteElo "2514"]
[BlackElo "2611"]
[PlyCount "120"]
[EventDate "2022.09.17"]
[EventType "team-tourn"]
[EventRounds "9"]
[EventCountry "NED"]
[SourceTitle "CBM 213 Extra"]
[Source "ChessBase"]
[SourceDate "2023.05.31"]
[SourceVersion "1"]
[SourceVersionDate "2023.05.31"]
[SourceQuality "1"]
[WhiteTeam "Leiden LSG"]
[BlackTeam "Groningen Combinatie"]
[WhiteTeamCountry "NED"]
[BlackTeamCountry "NED"]

1. d4 Nf6 2. c4 e6 3. g3 d5 4. Nf3 Bb4+ 5. Bd2 a5 6. Bg2 0-0 7. Qc2 c5 8. cxd5 cxd4 9. Nxd4 Qb6 10. e3 exd5 11. Nc3 Nc6 12. Nxc6 bxc6 13. 0-0 Re8 14. Rfc1 h5 15. Na4 Qb8 16. Nc5 h4 17. a3 Bxc5 18. Qxc5 h3 19. Bh1 Bf5 20. Bc3 Re6 21. Bxf6 Rxf6 22. Qd4 Qb5 23. b4 axb4 24. axb4 Rb8 25. e4 dxe4 26. Bxe4 Bxe4 27. Qxe4 Qxb4 28. Qxb4 Rxb4 29. Ra8+ Kh7 30. Ra5 Rb5 31. Ra4 g5 32. Rac4 Rb2 33. R4c2 Rxc2 34. Rxc2 Rd6 35. f3 f5 36. Kf2 Kg6 37. f4 g4 38. Ke3 Re6+ 39. Kd3 Kf7 40. Rc5 Kf6 41. Kd2 Rd6+ 42. Ke2 Kg6 43. Ke3 Rf6 44. Kd4 Re6 45. Kd3 Re1 46. Rxc6+ Kf7 47. Rc2 Rd1+ 48. Rd2 Rg1 49. Re2 Kf6 50. Kd2 Ra1 51. Kd3 Ra3+ 52. Kd2 Kf7 53. Kc2 Ra8 54. Kd3 Kf6 55. Kd2 Rd8+ 56. Kc2 Rd4 57. Kc3 Rd1 58. Kc2 Rd4 59. Kc3 Rd1 60. Kc2 Rd4 1/2-1/2

[Event "BL2-West 2122"]
[Site "Germany"]
[Date "2022.04.30"]
[Round "3.2"]
[White "Swinkels, Robin"]
[Black "Wegener, Olaf"]
[Result "1-0"]
[WhiteElo "2504"]
[BlackElo "2421"]
[PlyCount "125"]
[EventDate "2022.03.05"]
[EventType "team-tourn"]
[EventRounds "10"]
[EventCountry "GER"]
[SourceTitle "EXT 2023"]
[Source "ChessBase"]
[SourceDate "2022.10.05"]
[SourceVersion "1"]
[SourceVersionDate "2022.10.05"]
[SourceQuality "1"]
[WhiteTeam "Remagen Sinzig"]
[BlackTeam "Dortmund Hansa"]
[WhiteTeamCountry "GER"]
[BlackTeamCountry "GER"]

1. d4 Nf6 2. c4 e6 3. g3 d5 4. Bg2 dxc4 5. Nf3 a6 6. 0-0 Nc6 7. a4 Rb8 8. a5 b5 9. axb6 cxb6 10. Nc3 Nb4 11. Ne5 Bb7 12. Qa4+ Nd7 13. Bxb7 Rxb7 14. Nc6 Nxc6 15. Qxc6 Rc7 16. Qa4 Qc8 17. Bf4 Rc6 18. Qxa6 f6 19. d5 exd5 20. Nxd5 Bc5 21. Qxc8+ Rxc8 22. Ra7 Rd8 23. Bc7 Rc8 24. Rd1 0-0 25. Ne7+ Bxe7 26. Rxd7 Rfe8 27. Bxb6 Bf8 28. e3 c3 29. bxc3 Rxc3 30. Bd4 Rcc8 31. g4 Red8 32. h4 Rxd7 33. Rxd7 h6 34. Kg2 Rc2 35. Kg3 Bc5 36. h5 Bf8 37. f3 Ra2 38. Kf4 Ra5 39. Ke4 Rb5 40. Rd5 Rb7 41. Kf5 Kf7 42. Ra5 Be7 43. Bc5 Bxc5 44. Rxc5 Re7 45. e4 Ra7 46. f4 Rb7 47. Ra5 Rc7 48. Rd5 Ra7 49. e5 fxe5 50. fxe5 Ra4 51. Rd7+ Kg8 52. g5 hxg5 53. Kg6 Ra6+ 54. Rd6 Ra8 55. e6 Kf8 56. Rd7 g4 57. Rf7+ Ke8 58. Kxg7 Ra4 59. h6 g3 60. h7 Rg4+ 61. Kf6 Rh4 62. Rg7 Rh6+ 63. Rg6 1-0

[Event "NED-chT 2122"]
[Site "Netherlands"]
[Date "2022.03.12"]
[Round "7.5"]
[White "Warmerdam, Max"]
[Black "Swinkels, Robin"]
[Result "1-0"]
[WhiteElo "2608"]
[BlackElo "2523"]
[PlyCount "77"]
[EventDate "2021.09.18"]
[EventType "team-tourn"]
[EventRounds "9"]
[EventCountry "NED"]
[SourceTitle "EXT 2023"]
[Source "ChessBase"]
[SourceDate "2022.10.05"]
[SourceVersion "1"]
[SourceVersionDate "2022.10.05"]
[SourceQuality "1"]
[WhiteTeam "Apeldoorn Amevo"]
[BlackTeam "Leiden LSG"]
[WhiteTeamCountry "NED"]
[BlackTeamCountry "NED"]

1. c4 e6 2. Nc3 d5 3. d4 Nf6 4. cxd5 exd5 5. Bg5 c6 6. e3 h6 7. Bh4 Be7 8. Bd3 Nbd7 9. h3 0-0 10. Bg3 b5 11. Rc1 Bb7 12. Nf3 a6 13. 0-0 c5 14. dxc5 Nxc5 15. Bb1 Nfe4 16. Be5 b4 17. Ne2 Re8 18. Nf4 Bf8 19. Qe2 Qb6 20. Rfd1 Rad8 21. Bd4 a5 22. Nd2 Qa6 23. Qg4 Nf6 24. Qf3 Nce4 25. Bd3 Qd6 26. Bb5 Re7 27. Nb3 a4 28. Nc5 a3 29. Nxb7 Rxb7 30. Ba4 axb2 31. Bxb2 Rc7 32. Nxd5 Rxc1 33. Nxf6+ Qxf6 34. Bxf6 Rdxd1+ 35. Bxd1 Nxf6 36. Kh2 Rc8 37. Bb3 Re8 38. Qb7 Be7 39. f4 1-0

[Event "NED-ch"]
[Site "Rotterdam"]
[Date "2021.12.01"]
[Round "4"]
[White "Lai, Hing Ting"]
[Black "Swinkels, Robin"]
[Result "1/2-1/2"]
[WhiteElo "2450"]
[BlackElo "2523"]
[PlyCount "93"]
[EventDate "2021.11.27"]
[EventType "tourn"]
[EventRounds "6"]
[EventCountry "NED"]
[EventCategory "12"]
[SourceTitle "CBM 205 Extra"]
[Source "ChessBase"]
[SourceDate "2022.01.31"]
[SourceVersion "1"]
[SourceVersionDate "2022.01.31"]
[SourceQuality "1"]

1. d4 Nf6 2. c4 e6 3. Nf3 d5 4. g3 dxc4 5. Bg2 a6 6. 0-0 Nc6 7. e3 Rb8 8. Qe2 b5 9. b3 cxb3 10. axb3 Be7 11. Rd1 0-0 12. Bb2 Rb6 13. Nc3 Bb7 14. e4 Nb4 15. h4 Re8 16. Rac1 Qb8 17. Ne5 Rd6 18. Nxf7 Kxf7 19. e5 Bxg2 20. Kxg2 Rdd8 21. exf6 Bxf6 22. Ne4 Nd5 23. h5 h6 24. Qg4 Qb6 25. Rc5 Kg8 26. Rdc1 Kh8 27. Kg1 Qb7 28. Rc6 a5 29. Qe2 a4 30. Nxf6 Nxf6 31. d5 Nxd5 32. Be5 Rd7 33. Qg4 Rf7 34. Qg6 Kg8 35. bxa4 bxa4 36. Rxe6 Rxe6 37. Qxe6 Qb3 38. Qe8+ Rf8 39. Qe6+ Rf7 40. Qe8+ Rf8 41. Qg6 Nf6 42. Rxc7 Qd1+ 43. Kg2 Qd5+ 44. f3 Rf7 45. Rc8+ Rf8 46. Rc7 Rf7 47. Rc8+ 1/2-1/2

[Event "NED-ch KO"]
[Site "Hoogeveen"]
[Date "2021.10.23"]
[Round "3.1"]
[White "Swinkels, Robin"]
[Black "Van der Lende, Ilias"]
[Result "1/2-1/2"]
[WhiteElo "2514"]
[BlackElo "2368"]
[PlyCount "174"]
[EventDate "2021.10.15"]
[EventType "k.o."]
[EventRounds "3"]
[EventCountry "NED"]
[SourceTitle "EXT 2023"]
[Source "ChessBase"]
[SourceDate "2022.10.05"]
[SourceVersion "1"]
[SourceVersionDate "2022.10.05"]
[SourceQuality "1"]

1. e4 e6 2. d4 d5 3. Nc3 Nc6 4. e5 Bd7 5. Nf3 Qe7 6. Bf4 a6 7. Qd2 0-0-0 8. h4 h5 9. a3 f6 10. Bd3 Qf7 11. 0-0-0 Nh6 12. Ne2 Ng4 13. Bg3 fxe5 14. dxe5 Bc5 15. Rhf1 Bb6 16. Kb1 Ne7 17. Nf4 Rdf8 18. Ng5 Qg8 19. Rde1 g6 20. f3 Nh6 21. Rh1 Kb8 22. Nfh3 Nef5 23. Bf2 Bxf2 24. Qxf2 Nf7 25. Nxf7 Qxf7 26. Ng5 Qe7 27. Qd2 Bb5 28. Bxb5 axb5 29. Rh3 c5 30. Reh1 Nh6 31. Qa5 Rf5 32. Qxb5 Rc8 33. Re1 Nf7 34. Nxf7 Qxf7 35. Rhh1 Qc7 36. Qe2 Rcf8 37. Rhf1 Qf7 38. Qe3 b6 39. Qb3 Kb7 40. Qb5 Qc7 41. Qe2 Qf7 42. Qb5 Qc7 43. Qd3 Qg7 44. Qe2 Qf7 45. Rh1 Qg7 46. Qd3 R8f7 47. Qe3 Rf4 48. Re2 R7f5 49. Ree1 Qe7 50. Qf2 Qg7 51. Qg3 c4 52. c3 d4 53. cxd4 Rxd4 54. Re2 Qd7 55. Rc2 Rff4 56. Qxg6 Rxh4 57. Rhc1 b5 58. g3 Rh3 59. a4 h4 60. gxh4 Rhxh4 61. axb5 Kb6 62. b3 Kxb5 63. bxc4+ Rxc4 64. Rxc4 Rxc4 65. Rxc4 Kxc4 66. Qc2+ Kb4 67. Kc1 Qd4 68. Qd2+ Kc4 69. Qa2+ Kc3 70. Qa3+ Kc4 71. Qa6+ Kd5 72. Qd6+ Kc4 73. Qxe6+ Kc5 74. Qe7+ Kc6 75. Qf6+ Kc5 76. Qf5 Kd5 77. f4 Qg1+ 78. Kc2 Qf2+ 79. Kb3 Qb6+ 80. Ka2 Qa5+ 81. Kb1 Qb6+ 82. Kc1 Qg1+ 83. Kb2 Qb6+ 84. Kc1 Qg1+ 85. Kc2 Qf2+ 86. Kc3 Qd4+ 87. Kc2 Qf2+ 1/2-1/2

[Event "NED-ch KO"]
[Site "Hoogeveen"]
[Date "2021.10.23"]
[Round "3.2"]
[White "Van der Lende, Ilias"]
[Black "Swinkels, Robin"]
[Result "0-1"]
[WhiteElo "2368"]
[BlackElo "2514"]
[PlyCount "60"]
[EventDate "2021.10.15"]
[EventType "k.o."]
[EventRounds "3"]
[EventCountry "NED"]
[SourceTitle "EXT 2023"]
[Source "ChessBase"]
[SourceDate "2022.10.05"]
[SourceVersion "1"]
[SourceVersionDate "2022.10.05"]
[SourceQuality "1"]

1. Nf3 d5 2. c4 e6 3. e3 Nf6 4. Nc3 dxc4 5. Bxc4 a6 6. d4 b5 7. Be2 Bb7 8. 0-0 Nbd7 9. a4 b4 10. Nb1 Be7 11. Nbd2 c5 12. Nc4 0-0 13. Bd2 a5 14. Rc1 Qb8 15. Nfe5 Rd8 16. Bf3 Nxe5 17. dxe5 Bxf3 18. Qxf3 Nd7 19. Qf4 Nb6 20. e4 Nxa4 21. Qg3 Nb6 22. Bh6 Bf8 23. Nd6 Nc8 24. Nc4 Kh8 25. Rfd1 Rxd1+ 26. Rxd1 Qc7 27. Qf4 gxh6 28. Qf6+ Kg8 29. Rd3 Ne7 30. Nd6 Ng6 0-1

[Event "NED-ch KO"]
[Site "Hoogeveen"]
[Date "2021.10.20"]
[Round "2.2"]
[White "Sokolov, Ivan"]
[Black "Swinkels, Robin"]
[Result "0-1"]
[WhiteElo "2594"]
[BlackElo "2514"]
[PlyCount "132"]
[EventDate "2021.10.15"]
[EventType "k.o."]
[EventRounds "3"]
[EventCountry "NED"]
[SourceTitle "EXT 2023"]
[Source "ChessBase"]
[SourceDate "2022.10.05"]
[SourceVersion "1"]
[SourceVersionDate "2022.10.05"]
[SourceQuality "1"]

1. d4 Nf6 2. c4 e6 3. Nc3 d5 4. cxd5 exd5 5. Bg5 c6 6. e3 h6 7. Bh4 Be7 8. Bd3 Nbd7 9. Nge2 Nh5 10. Bxe7 Qxe7 11. Qc2 Nb6 12. 0-0 0-0 13. Rae1 Be6 14. Nc1 Rad8 15. Nb3 Rfe8 16. Nc5 Bc8 17. b4 Nc4 18. Qe2 Qg5 19. Bxc4 dxc4 20. N5e4 Qg6 21. f3 f5 22. Nc5 Nf4 23. Qd2 Nd5 24. Nxd5 cxd5 25. Na4 Qd6 26. b5 Bd7 27. Nc3 a6 28. a4 axb5 29. axb5 Ra8 30. Ra1 Be6 31. h3 Bf7 32. Rfe1 Qe7 33. Rac1 Qh4 34. Qf2 Qg5 35. Kh2 Ra3 36. Qg3 Qxg3+ 37. Kxg3 g5 38. Kf2 Kg7 39. g4 fxg4 40. hxg4 Rd8 41. Red1 Bg6 42. e4 dxe4 43. fxe4 Rf8+ 44. Ke3 Rf4 45. e5 Rxg4 46. d5 Re4+ 47. Kf2 Rxe5 48. Rd4 Bd3 49. d6 Ra8 50. Nd5 Rd8 51. Nc7 Rd7 52. Ra1 Bg6 53. Ra7 c3 54. Rxb7 c2 55. Rc4 Rf7+ 56. Kg3 Re3+ 57. Kh2 Re2+ 58. Kg3 Re3+ 59. Kh2 Re2+ 60. Kg3 h5 61. d7 h4+ 62. Kg4 Rg2+ 63. Kh3 Rg3+ 64. Kh2 Rf2+ 65. Kh1 c1Q+ 66. Rxc1 Be4# 0-1

[Event "BL2-West 1920"]
[Site "Germany"]
[Date "2019.12.08"]
[Round "4.2"]
[White "Swinkels, Robin"]
[Black "Rotstein, Arkadij"]
[Result "1-0"]
[WhiteElo "2504"]
[BlackElo "2461"]
[PlyCount "81"]
[EventDate "2019.09.19"]
[EventType "team-tourn"]
[EventRounds "9"]
[EventCountry "GER"]
[SourceTitle "EXT 2023"]
[Source "ChessBase"]
[SourceDate "2022.10.05"]
[SourceVersion "1"]
[SourceVersionDate "2022.10.05"]
[SourceQuality "1"]
[WhiteTeam "Aachen DJK"]
[BlackTeam "Koeln Porz"]
[WhiteTeamCountry "GER"]
[BlackTeamCountry "GER"]

1. d4 Nf6 2. Bg5 e6 3. e4 h6 4. Bxf6 Qxf6 5. c3 d6 6. Bd3 e5 7. Ne2 Nc6 8. Na3 g6 9. Bb5 a6 10. Bxc6+ bxc6 11. 0-0 Bg7 12. Nc4 exd4 13. cxd4 0-0 14. Rc1 Re8 15. e5 Qe7 16. Re1 dxe5 17. dxe5 Be6 18. Nf4 Bxc4 19. Rxc4 Rab8 20. b3 Rb4 21. Qc2 Rxc4 22. Qxc4 g5 23. Nd3 Qd7 24. Qxa6 Rd8 25. Re3 Qd5 26. h3 c5 27. Qb5 Bf8 28. a4 c6 29. Qb6 Rd7 30. Qa6 Qxb3 31. e6 fxe6 32. Ne5 Rd1+ 33. Kh2 Qb1 34. Rf3 Rh1+ 35. Kg3 Qe4 36. Rxf8+ Kxf8 37. Qc8+ Ke7 38. Qd7+ Kf6 39. Ng4+ Kg6 40. Qe8+ Kg7 41. Qe7+ 1-0

[Event "EU-Cup 34th"]
[Site "Porto Carras"]
[Date "2018.10.18"]
[Round "7.3"]
[White "Swinkels, Robin"]
[Black "Rosenkilde, Alexander"]
[Result "1-0"]
[WhiteElo "2486"]
[BlackElo "2239"]
[PlyCount "59"]
[EventDate "2018.10.12"]
[EventType "team-swiss"]
[EventRounds "7"]
[EventCountry "GRE"]
[SourceTitle "CBM 187"]
[Source "ChessBase"]
[SourceDate "2018.12.11"]
[SourceVersion "1"]
[SourceVersionDate "2018.12.11"]
[SourceQuality "1"]
[WhiteTeam "Aachen Aufwaerts"]
[BlackTeam "Jetsmark"]
[WhiteTeamCountry "GER"]
[BlackTeamCountry "DEN"]

1. e4 c5 2. Nf3 d6 3. c3 Nf6 4. Bd3 Nc6 5. Bc2 Bd7 6. 0-0 g6 7. h3 Bg7 8. Re1 Rc8 9. d4 cxd4 10. cxd4 0-0 11. Nc3 h6 12. Rb1 a6 13. Qe2 Ne8 14. Be3 b5 15. Qd2 Kh7 16. Rbc1 Na5 17. b3 Bc6 18. Ne2 Bb7 19. d5 Nf6 20. Nfd4 Ba8 21. f3 Nb7 22. b4 Qd7 23. Bd3 Rxc1 24. Rxc1 Rc8 25. Rc6 Nc5 26. Rxc8 Qxc8 27. Qc2 Nfd7 28. Nb3 Bb7 29. bxc5 dxc5 30. Nxc5 1-0

[Event "EU-Cup 34th"]
[Site "Porto Carras"]
[Date "2018.10.16"]
[Round "5.3"]
[White "Swinkels, Robin"]
[Black "Van Haastert, Edwin"]
[Result "1-0"]
[WhiteElo "2486"]
[BlackElo "2437"]
[PlyCount "75"]
[EventDate "2018.10.12"]
[EventType "team-swiss"]
[EventRounds "7"]
[EventCountry "GRE"]
[SourceTitle "CBM 187"]
[Source "ChessBase"]
[SourceDate "2018.12.11"]
[SourceVersion "1"]
[SourceVersionDate "2018.12.11"]
[SourceQuality "1"]
[WhiteTeam "Aachen Aufwaerts"]
[BlackTeam "Leiden LSG"]
[WhiteTeamCountry "GER"]
[BlackTeamCountry "NED"]

1. d4 d5 2. c4 c6 3. cxd5 cxd5 4. Bf4 Nf6 5. Nc3 Nc6 6. e3 Bf5 7. Qb3 Na5 8. Bb5+ Bd7 9. Qd1 e6 10. Bd3 Rc8 11. Nf3 Bb4 12. 0-0 Nc4 13. Bxc4 Rxc4 14. Ne5 Rc8 15. Qb3 Bxc3 16. bxc3 Ne4 17. Qxb7 f6 18. Nxd7 Qxd7 19. Rfb1 g5 20. Bb8 Nxc3 21. Rb3 Nxa2 22. Bxa7 Rc7 23. Qb8+ Rc8 24. Bc5 Rxb8 25. Rxb8+ Kf7 26. Rxh8 Qb5 27. Ra8 Nc3 28. R1a7+ Kg6 29. g4 Qb1+ 30. Kg2 Qe4+ 31. f3 Qc2+ 32. Kh3 f5 33. Rg8+ Kf6 34. Rgg7 fxg4+ 35. fxg4 e5 36. Raf7+ Ke6 37. Re7+ Kf6 38. dxe5# 1-0